Wraucná Pjseň ke cti a chwále Swaté Panny Barbory, Mučedlnice

Bibliographic Details
Corporate Author: Škarnicel, Jozef (Skalica, Slovensko) (Printer)
Other Authors: Škarnicel, Jozef, 1804-1877 (Printer)
Format: Book
Language:Slovak
PhysicalDescription:[8] s. 11 cm
Published: W Skalicy [Škarnicel, Jozef] 1838
Subjects:

MARC

LEADER 00000nam a2200000 a 4500
001 vtls011746568
003 SK-MaSNL
005 20260301182944.0
008 200205s1838 xo a 0 an0 slo
015 |a SNBHFA1838 
035 |a urn:nbn:sk:snk-am00d6b0 
035 |a urn:nbn:sk:snk-am3hr4v 
035 |a 58DFB607-F636-4AC1-B595-9210140689E8 
040 |a SNKHF  |b slo  |c SNK  |e AACR2 
041 0 |a slo 
044 |a xo  |c SK 
072 7 |a 783  |x Cirkevná hudba. Duchovná hudba. Náboženská hudba  |2 konspekt 
080 |a 783.6  |2 2011 
130 0 |a Wraucná  |9 358023 
245 1 0 |a Wraucná Pjseň ke cti a chwále Swaté Panny Barbory, Mučedlnice 
260 |a W Skalicy  |b [Škarnicel, Jozef]  |c 1838 
300 |a [8] s.  |c 11 cm 
500 |a Titulná strana s drevorezom 
501 |a Prív. 10. k: Krásná Pjseň milugjcým Mládencům a Panám k potěssenj wydaná. W Skalicy : u Škarnycla Synů, 1874.  |5 SNK SE 124/1-11/prív.10 
546 |a Slovenčina  |b Fraktúra 
650 0 7 |a duchovné piesne  |2 SNKPH  |9 1928 
700 1 |a Škarnicel, Jozef,  |d 1804-1877  |4 prt  |9 169168 
710 0 |a Škarnicel, Jozef (Skalica, Slovensko)  |4 prt  |9 271317 
752 |a Slovensko  |d Skalica 
852 |a SNK  |p SE 124/1-11/prív.10 
958 |a ONDV 
999 |c 855324  |d 857254 
952 |a SNK  |b SNK  |y PREZ  |7 0  |p 17A1300187  |o snkSE 124/1-11/prív.10  |i snk4569/28  |0 0  |1 0  |4 0  |d 2018-03-16  |f 1  |l 0  |r 2026-02-24 04:54:42  |w 2026-02-24